| 000 | 00777nam a22001577a 4500 | ||
|---|---|---|---|
| 003 | OSt | ||
| 005 | 20151106100305.0 | ||
| 008 | 151106b xxu||||| |||| 00| 0 eng d | ||
| 040 | _cRUA | ||
| 082 | _aFOR RO 2002 B128 Or.1 | ||
| 100 |
_93438 _aRO, BOREY. |
||
| 245 | _aEffectivness of crane conservation at ang trapeang thmor sarus crane conservation area phnomsrok district banteaymeanchey province (ប្រសិទ្ធភាពនៃការអភិរក្សសសត្វក្រៀលនៅដែនបំរុងសត្វក្រៀលអាងត្រពាំងថ្មស្រុកភ្នំស្រុកខេត្តបន្ទាយមានជ័យ) | ||
| 260 |
_aPhnom Penh _bRUA _c2002 |
||
| 300 |
_a61p. _bill. _c29cm. |
||
| 942 |
_2ddc _cFOR |
||
| 999 |
_c3208 _d3208 |
||